000 01076nam a22003017a 4500
001 BR7200771
003 BR-BrBNA
005 20230928083817.0
007 ta
008 230509b bl.||||| |||| 00| 0 por d
040 _aBR-BrBNA
_bpor
_cBiblioteca Nacional de Agricultura
041 _a(Spa)
072 _aP10
_b/G518
090 _ P10 BR7200771
110 1 _aCentro de Treinamento em Desenvolvimento Economico, Fortaleza, CE (Brasil)
_91678
245 1 _aProyecto alcantarillado Santa Marta [agua, purificacao, saneamento basico, financiamento, orcamento, Colombia]
_b1. Curso Nacional de Elaboracao e Avaliacao de Projetos
260 3 _aFortaleza, CE (Brasil):
_c[nd].
300 _a184 p.
500 _aSummary (Spa); Published 1971? (*) Documento disponível na(o) Centro de Treinamento em Desenvolvimento Economico, Fortaleza, CE (Brazil)
650 _aAGUA
650 _aPURIFICACAO
650 _aSANEAMENTO RURAL
650 _aFINANCIAMENTO
650 _aCUSTO-BENEFICIO
650 _aCOLOMBIA
909 _a202309
_bLucia
_c55
_dLucia Elande
942 _cBK
999 _c15338
_d15338